| Tag |
First Indicator |
Second Indicator |
Subfields |
| LEADER |
00000cam a22000001a 4500 |
| 001 |
in00002823621 |
| 005 |
20190331183552.0 |
| 006 |
m o d |
| 007 |
cr un mmmapmmp |
| 008 |
081229s1822 dcu o f000 0 eng d |
| 035 |
|
|
|a cis2004311418
|
| 040 |
|
|
|a UMI
|c UMI
|d UtOrBLW
|
| 043 |
|
|
|a n-us---
|
| 099 |
|
|
|a ProQuest Serial Set Number 67 H.doc.72
|
| 110 |
1 |
|
|a United States.
|b War Department.
|
| 245 |
1 |
0 |
|a Letters of the secretary of war, and opinions of the attorney general of the United States. In relation to The Execution of the Act of Congress of 1st of May, 1820. in addition to the pension law of 1818, &c. &c.
|
| 246 |
1 |
|
|a Pension acts of 1818 and 1820, rules of construction of
|
| 264 |
|
1 |
|a Washington :
|b [publisher not identified],
|c 1822.
|
| 300 |
|
|
|a 1 online resource.
|
| 336 |
|
|
|a text
|b txt
|2 rdacontent
|
| 337 |
|
|
|a computer
|b c
|2 rdamedia
|
| 338 |
|
|
|a online resource
|b cr
|2 rdacarrier
|
| 490 |
0 |
|
|a H.doc.72
|
| 500 |
|
|
|a Record is based on bibliographic data in ProQuest U.S. Serial Set Digital Collection (last viewed Dec. 2008). Reuse except for individual research requires license from ProQuest, LLC.
|
| 510 |
3 |
|
|a ProQuest U.S. Serial Set Digital Collection
|
| 500 |
|
|
|a Electronic resource.
|
| 650 |
|
0 |
|a Military pensions.
|
| 650 |
|
0 |
|a Pensions.
|
| 655 |
|
7 |
|a Electronic books.
|2 local
|
| 710 |
2 |
|
|a ProQuest (Firm)
|
| 830 |
|
0 |
|a United States congressional serial set.
|
| 856 |
4 |
0 |
|u http://proxy.library.tamu.edu/login?url=http://congressional.proquest.com/congcomp/getdoc?SERIAL-SET-ID=67+H.doc.72
|z Connect to the full text of this electronic book
|t 0
|
| 999 |
|
|
|a MARS
|
| 999 |
f |
f |
|s d79b1ae5-3f8c-3cf0-ad47-01ea3f0a194e
|i dc4b1fb1-8d20-3399-8a27-8790b7f02dc7
|t 0
|
| 952 |
f |
f |
|a Texas A&M University
|b College Station
|c Electronic Resources
|d Available Online
|t 0
|e ProQuest Serial Set Number 67 H.doc.72
|h Other scheme
|
| 998 |
f |
f |
|a ProQuest Serial Set Number 67 H.doc.72
|t 0
|l Available Online
|